<?xml version="1.0" encoding="UTF-8"?>
<marc:record xmlns:marc="http://www.loc.gov/MARC21/slim">
   <marc:leader>00000nam a2200000 a 4500</marc:leader>
   <marc:datafield ind1="1" ind2=" " tag="100">
      <marc:subfield code="a">McNamara, Luna</marc:subfield>
      <marc:subfield code="4">aut</marc:subfield>
      <marc:subfield code="e">Verfasser/-in</marc:subfield>
   </marc:datafield>
   <marc:datafield ind1=" " ind2=" " tag="653">
      <marc:subfield code="a">Antike</marc:subfield>
   </marc:datafield>
   <marc:datafield ind1=" " ind2=" " tag="653">
      <marc:subfield code="a">Griechische Mythologie</marc:subfield>
   </marc:datafield>
   <marc:datafield ind1="0" ind2="0" tag="245">
      <marc:subfield code="a">Psyche und Eros</marc:subfield>
   </marc:datafield>
   <marc:datafield ind1="0" ind2="0" tag="245">
      <marc:subfield code="b">Denn wahre Liebe ist mehr als ein Mythos</marc:subfield>
   </marc:datafield>
   <marc:datafield ind1=" " ind2="1" tag="264">
      <marc:subfield code="b">Rütten &amp; Loening</marc:subfield>
      <marc:subfield code="c">2023</marc:subfield>
   </marc:datafield>
   <marc:datafield ind1="1" ind2=" " tag="520">
      <marc:subfield code="a">Laut der Prophezeiung des Orakels soll sich die Prinzessin Psyche im Kampf gegen ein tödliches Ungeheuer als größte Heldin aller Zeiten erweisen. So wird sie - gegen alle Regeln - zur Kriegerin ausgebildet. Bis die Göttin Aphrodite neidisch auf die mutige, schöne Sterbliche wird. Sie schickt den Gott Eros, der mit seinen Pfeilen das Begehren in die Welt trägt, um Psyche grausam zu verdammen. Doch der Pfeil trifft ihn selbst, worauf Eros zu einem ewig unerfüllten Verlangen nach Psyche entbrennt. Aber was als Fluch der Leidenschaft beginnt, wird schon bald zu einer unsterblichen Liebe...</marc:subfield>
   </marc:datafield>
   <marc:datafield ind1=" " ind2=" " tag="020">
      <marc:subfield code="a">9783352009884</marc:subfield>
      <marc:subfield code="9">9783352009884</marc:subfield>
   </marc:datafield>
</marc:record>
